000 01794nam a2200337 a 4500
001 000030516
003 DO-SdBNP
005 20220406092616.0
007 000030516
008 090701s 2011 dr 001 0 spa d
020 _a9789945160486
040 _aBPMSU
_bspa
_cBPMSU
082 4 _a460.7
_bA475m, 2011
_222
100 1 _aAlvino Romero, Sonia,
_d1953-
245 1 0 _aManual práctico de redacción general /
_cSonia Alvino Romero ; prólogo Nan Chevalier.
250 _a5ª ed. corr.
260 _aSanto Domingo :
_bBúho,
_c2011.
300 _a201 p. ;
_c28 cm.
500 _aIncluye datos biográficos de la autora en la contracubierta.
504 _aBibliografía: p. 199-201.
505 0 _aPrólogo--
_tIntroducción --
_tPrimera unidad:
_tLa comunicación: importancia para el ser humano --
_tLa lectura:
_t¿Entonces qué es la lectura?--
_tTipos de lectura --
_tLa expresión común y la expresión literaria --
_tNiveles de lengua --
_t¿Qué es redactar?--
_tEl estilo--
_tEl párrafo--
_tEl resumen y la síntesis --
_tLa acentuación --
_tLas letras mayúsculas --
_tLos signos de puntuación --
_tDudas lingüisticas --
_tSegunda unidad:
_tDistintas formas de expresión --
_tTercera unidad:
_tPreliminares: la titulación, la bibliografía --
_tRedacción de textos discursivos e informativos--
_tLa redacción periodística --
_tLa redacción publicitaria --
_gApéndices --
_gBibliografía .
590 _6Inventariado, 2022/VM
650 4 _aEspañol
_xEnseñanza
650 4 _aEspañol
_xEjercicios de redacción
650 4 _aEspañol
_xOrtografía
_xEnseñanza
650 4 _aEspañol
_xEscritura
_xLibros de texto
650 4 _aArte de escribir
_xManuales
700 1 _aChevalier, Nan,
_eprólogo
910 _aVMateo V /Validado. Control de calidad EMS
942 _2ddc
_cBK
999 _c7916
_d7916